|
|
|
|
| LEADER |
00000naa2a2200000 4500 |
| 001 |
519957 |
| 005 |
20250520134959.0 |
| 035 |
|
|
|a (RuTPU)RU\TPU\prd\199191
|
| 035 |
|
|
|a RU\TPU\prd\194820
|
| 090 |
|
|
|a 519957
|
| 100 |
|
|
|a 20131030a2013 k y0rusy50 ca
|
| 101 |
0 |
|
|a rus
|
| 102 |
|
|
|a RU
|
| 135 |
|
|
|a drnn ---uucaa
|
| 181 |
|
0 |
|a i
|
| 182 |
|
0 |
|a b
|
| 200 |
1 |
|
|a Предисловие редактора
|f Ю. П. Похолков
|
| 203 |
|
|
|a Текст
|c электронный
|
| 215 |
|
|
|a 1 файл (100 Кб)
|
| 225 |
1 |
|
|a Колонка редактора
|
| 300 |
|
|
|a Заглавие с титульного листа
|
| 337 |
|
|
|a Adobe Reader
|
| 461 |
|
1 |
|0 (RuTPU)RU\TPU\prd\176632
|x 1810-2883
|t Инженерное образование
|o электронный научный журнал
|f Ассоциация инженерного образования России (АИОР)
|n [Б. и.]
|d 2003-
|
| 463 |
|
1 |
|0 (RuTPU)RU\TPU\prd\199179
|t № 12
|v [С. 2-3]
|d 2013
|
| 610 |
1 |
|
|a инженерное образование
|
| 610 |
1 |
|
|a аккредитация
|
| 610 |
1 |
|
|a организация
|
| 610 |
1 |
|
|a проведение
|
| 610 |
1 |
|
|a зарубежный опыт
|
| 610 |
1 |
|
|a отечественный опыт
|
| 610 |
1 |
|
|a инженерные программы
|
| 610 |
1 |
|
|a образовательные программы
|
| 610 |
1 |
|
|a труды учёных ТПУ
|
| 610 |
1 |
|
|a электронный ресурс
|
| 700 |
|
1 |
|a Похолков
|b Ю. П.
|c специалист в области электротехники, доктор технических наук
|c ректор Томского политехнического университета (1990-2008), профессор
|f 1939-
|g Юрий Петрович
|x TPU
|y Томск
|3 (RuTPU)RU\TPU\pers\10508
|9 2235
|
| 801 |
|
1 |
|a RU
|b 63413507
|c 20090623
|g PSBO
|
| 801 |
|
2 |
|a RU
|b 63413507
|c 20160227
|g PSBO
|
| 856 |
4 |
|
|u https://old.aeer.ru/files/io/m12/content.pdf
|
| 942 |
|
|
|c BK
|